000 01144cam a2200313 a 4500
999 _c129262
_d129262
001 3506497
003 ARRUPE
005 20190327115857.0
008 950621s1996 ilua b s001 0 eng
010 _a 95032456
020 _a025202219X (acidfree paper)
020 _a0252065182 (pbk. : acidfree paper)
040 _aDLC
_cDLC
_dDLC
050 0 0 _aGN343.F53
_bO87 1996
082 0 0 _a301
_220
245 0 0 _aOut in the field :
_breflections of lesbian and gay anthropologists /
_cedited by Ellen Lewin and William L. Leap.
260 _aUrbana :
_bUniversity of Illinois Press,
_cc1996.
300 _axi, 315 p. :
_bill. ;
_c24 cm.
504 _aIncludes bibliographical references and index.
650 0 _aAnthropology
_xFieldwork.
_936554
650 0 _aGay anthropologists.
_945395
650 0 _aLesbian anthropologists.
_945396
700 1 _aLewin, Ellen.
_945397
700 1 _aLeap, William.
_945398
906 _a7
_bcbc
_corignew
_d1
_eocip
_f19
_gy-gencatlg
942 _2lcc
_cMONOGRAPH